| 000 | 00809nam#a22003135a#4500 | ||
|---|---|---|---|
| 001 | 284 | ||
| 008 | 060530s19661986ag#ao#########001#0#spa#d | ||
| 245 | 1 | 0 |
_aIntroducción a la micología. / _cConstantine John Alexopoulos. |
| 250 | _a1ªed. | ||
| 260 |
_aBuenos Aires : _bEditorial Universitaria de Buenos Aires, _c1966. |
||
| 300 |
_a615pg. : _bil., fot. ; _c22 cm. |
||
| 490 | 0 |
_aMicología ; _v1 |
|
| 100 | 1 | _aJohn Alexopoulos, Constantine. | |
| 080 | _a582.28 | ||
| 084 | _aA37 | ||
| 653 | _aHongos. | ||
| 653 | _aOrdenes. | ||
| 653 | _aDivisión. | ||
| 653 | _aSubdivición. | ||
| 653 | _aClases. | ||
| 653 | _aSubclases. | ||
| 653 | _aCiclos. | ||
| 653 | _aCélulas. | ||
| 653 | _aLíquenes. | ||
| 040 |
_aAR-ClEAG _cAR-ClEAG |
||
| 005 | 20241107184630.0 | ||
| 003 | AR-ClEAG | ||
| 942 | _cBK | ||
| 999 |
_c284 _d284 |
||
| 980 |
_62 _aEvangelina Gallicchio _82 _gEvangelina Gallicchio |
||